000 00487nam a2200205Ia 4500
005 20240823053900.0
008 240823s9999||||xx |||||||||||||| ||und||
020 _a978-81-317-0721-0
041 _aENGLISH
082 _A801.95 Q6
100 _aDavid Lodge
245 0 _aModern Criticism and Theory
250 _a2nd
260 _c2016
_b"Pearson Education,"
500 _aYES
650 _aModern Criticism
_bGeneral
700 _a Nigel Wood
942 _cBK
999 _c225172
_d225172